01538nam a2200361Ia 4500001001200000003000800012006001900020007001500039008004100054010001700095020001800112020001500130040002100145035002100166050002200187100002400209245011000233250001200343260005400355300001600409500007000425504006400495533015200559650005800711650007000769651003400839651004000873655002900913700007200942710001701014856012601031999001901157ebr10315843CaPaEBRm u cr cn|||||||||000403s2000 mau sb 001 0 eng d z 00038277  z9780674004344 z0674004345 aCaPaEBRcCaPaEBR a(OCoLC)64681371914aHN59b.P39 2000eb1 aPatterson, James T.10aAmerica's struggle against poverty in the twentieth centuryh[electronic resource] /cJames T. Patterson. aNew ed. aCambridge, MA :bHarvard University Press,c2000. axiv, 312 p. aRev. ed of: America's struggle against poverty, 1900-1994. c1994. aIncludes bibliographical references (p. 245-301) and index. aElectronic reproduction.bPalo Alto, Calif. :cebrary,d2009.nAvailable via World Wide Web.nAccess may be limited to ebrary affiliated libraries. 0aPublic welfarezUnited StatesxHistoryy20th century. 0aPovertyxGovernment policyzUnited StatesxHistoryy20th century. 0aUnited StatesxSocial policy. 0aUnited StatesxEconomic conditions. 7aElectronic books.2local1 aPatterson, James T.tAmerica's struggle against poverty, 1900-1994.2 aebrary, Inc.40uhttp://site.ebrary.com/lib/rucke/Doc?id=10315843zAn electronic book accessible through the World Wide Web; click to view c167809d167809